Coats of arms - Prussian lands - Statistics

General Stats
  • This quiz has been taken 234 times
    232 since last reset
  • The average score is 19 of 54
Answer Stats
Picture Answer % Correct
Saxony (Sachsen)
82%
Brandenburg
75%
East Prussia (Preussen)
75%
Hohenzollern
65%
Hannover
63%
Holstein
60%
Silesia (Schlesien)
60%
West Prussia
57%
Mecklenburg
55%
German Empire
54%
Lorraine (Lothringen)
54%
Schleswig
52%
Hesse (Hessen)
50%
Pomerania (Pommern)
49%
Thuringia (Thüringen)
46%
Nassau
45%
Posen
43%
Westphalia (Westfalen)
43%
Bremen
41%
Rhineland (Rheinland)
40%
Lower Alsace (Elsass)
39%
Upper Alsace (Elsass)
38%
Brunswick (Braunschweig)
35%
Lüneburg
35%
Lower Lusatia (Nieder-Lausitz)
32%
Magdeburg
31%
Cleves (Kleve)
29%
Orange
29%
Upper Lusatia (Ober-Lausitz)
29%
Berg
27%
Nuremberg
25%
Osnabrück
23%
Jülich
22%
Paderborn
22%
Lauenburg
21%
Mark
21%
Rügen
21%
Fulda
20%
Henneberg
20%
Guelders
19%
Halberstadt
19%
Hildesheim
19%
Ravensberg
19%
Sigmaringen
19%
Tecklenburg
19%
Verden
19%
Minden
18%
Pyrmont
18%
Wenden
18%
Mansfeld
16%
Hohenstein
15%
Lingen
15%
Moers
15%
Veringen
15%
No matching quizzes found
Score Distribution
Percent of People with Each Score
Percentile by Number Answered
Your Score History
You have not taken this quiz since the last reset